| 000 | 01008cam a2200277 4500 | ||
|---|---|---|---|
| 001 | WS111029 | ||
| 008 | 000000n 000 0 eng u | ||
| 035 | _a(Sirsi) u111029 | ||
| 110 |
_aAmerican Arbitration Association _94044 |
||
| 245 | _aAmerican Arbitration Association | ||
| 520 | _aSite for this American organisation specialising in resolving disputes via mediation and arbitration. Includes pages on the main subject areas involved looking at rules, procedures, forms and guides. | ||
| 650 | _aUSA | ||
| 650 | _aINTERNATIONAL | ||
| 650 | _aORGANISATION | ||
| 650 | _aMEDIATION | ||
| 650 | _aMANAGEMENT-DISPUTE AVOIDANCE, MANAGEMENT AND RESOLUTION-DISPUTE MANAGEMENT AND RESOLUTION-ARBITRATION | ||
| 650 | _aBUILT ENVIRONMENT | ||
| 650 |
_aInsurance _96249 |
||
| 650 | _aCOMMERCIAL | ||
| 650 | _aRULES | ||
| 650 | _aETHICS | ||
| 650 | _aFORMS | ||
| 690 |
_aDispute resolution _96236 |
||
| 856 | 4 | 0 |
_uhttps://www.adr.org _zView the website free of charge at www.adr.org... |
| 942 | _n0 | ||
| 999 |
_c119804 _d119804 |
||